| 000 | 00988cam a22003134a 4500 | ||
|---|---|---|---|
| 001 | 20209 | ||
| 003 | BD-RjUL | ||
| 005 | 20211209000532.0 | ||
| 008 | 091130s2011 ohua b 001 0 eng | ||
| 020 | _a9781439044612 (hbk.) | ||
| 020 | _a1439044619 (hbk.) | ||
| 020 | _a9780538798280 (looseleaf ed.) | ||
| 020 | _a0538798289 (looseleaf ed.) | ||
| 035 | _a(BD-RjUL)20271 | ||
| 040 |
_aDLC _cDLC _beng _dBD-RjUL |
||
| 041 | _aeng | ||
| 082 |
_219 _a657.42 _bKIC 2011 |
||
| 100 | 1 |
_aKinney, Michael R. _962288 |
|
| 245 | 1 | 0 |
_aCost accounting : _bfoundations and evolutions / _cMichael R. Kinney, Cecily A. Raiborn. |
| 250 | _a8th ed. | ||
| 260 |
_aMason, Ohio : _bSouth-Western Cengage Learning, _cc2011. |
||
| 300 |
_axviii, 893 p. : _bill. ; _c29 cm. |
||
| 504 | _aIncludes bibliographical references and indexes. | ||
| 650 | 0 |
_aCost accounting. _962289 |
|
| 700 | 1 |
_aRaiborn, Cecily A. _962290 |
|
| 942 |
_2ddc _cBK |
||
| 999 |
_c20209 _d20209 |
||